Commercial bank organization, operation and management / (Record no. 291303)
[ view plain ]
| 000 -LEADER | |
|---|---|
| fixed length control field | 00610nam a2200217Ia 4500 |
| 008 - FIXED-LENGTH DATA ELEMENTS--GENERAL INFORMATION | |
| fixed length control field | 160303s9999 xx 000 0 und d |
| 050 ## - LIBRARY OF CONGRESS CALL NUMBER | |
| Classification number | FIL HG 1615 |
| 050 ## - LIBRARY OF CONGRESS CALL NUMBER | |
| Item number | .L36 2003 c.2 |
| 100 ## - MAIN ENTRY--PERSONAL NAME | |
| Personal name | Laman, Rose Marie B. |
| 245 ## - TITLE STATEMENT | |
| Title | Commercial bank organization, operation and management / |
| 245 ## - TITLE STATEMENT | |
| Statement of responsibility, etc | Rose Marie B. Laman. |
| 260 ## - PUBLICATION, DISTRIBUTION, ETC. (IMPRINT) | |
| Place of publication, distribution, etc | Manila: |
| 260 ## - PUBLICATION, DISTRIBUTION, ETC. (IMPRINT) | |
| Name of publisher, distributor, etc | GIC Enterprises and Co,. Inc., |
| 260 ## - PUBLICATION, DISTRIBUTION, ETC. (IMPRINT) | |
| Date of publication, distribution, etc | 2003 |
| 300 ## - PHYSICAL DESCRIPTION | |
| Extent | 292 pages : |
| 300 ## - PHYSICAL DESCRIPTION | |
| Other physical details | illustrations ; |
| 300 ## - PHYSICAL DESCRIPTION | |
| Dimensions | 22 cm. |
| 500 ## - GENERAL NOTE | |
| General note | Includes bibliographical references. |
| 650 ## - SUBJECT ADDED ENTRY--TOPICAL TERM | |
| Topical term or geographic name as entry element | Bank management. |
| 650 ## - SUBJECT ADDED ENTRY--TOPICAL TERM | |
| Topical term or geographic name as entry element | Commercial bank. |
| Withdrawn status | Lost status | Damaged status | Home library | Current library | Shelving location | Date acquired | Total Checkouts | Full call number | Barcode | Date last seen | Price effective from | Koha item type |
|---|---|---|---|---|---|---|---|---|---|---|---|---|
| South Mansfield College | South Mansfield College | Filipiniana Section | FIL HG 1615 .L36 2003 c.2 | SMC00022 | 03/03/2016 | 03/03/2016 |